[Event "10th EICC"]
[Site "Budva MNE"]
[Date "2009.03.07"]
[Round "2"]
[White "Malakhov,V"]
[Black "Haznedaroglu,K"]
[Result "1/2-1/2"]
[WhiteElo "2692"]
[BlackElo "2451"]
[EventDate "2009.03.06"]

1. Nf3 d5 2. d4 Nf6 3. c4 c6 4. e3 Bf5 5. Nc3 e6 6. Nh4 Bg6 7. Nxg6 hxg6 8.
Bd2 Nbd7 9. g3 Bd6 10. Qb3 Rb8 11. Bg2 O-O 12. O-O Qe7 13. c5 Bc7 14. Qa4
a6 15. f4 Nh7 16. h4 f5 17. b4 Nhf6 18. Rfc1 Nh5 19. Ne2 Ndf6 20. Qb3 Ne4
21. Be1 Rfc8 22. a4 Qe8 23. Bf3 Nhf6 24. Kg2 Kh7 25. Rc2 Bd8 26. Ng1 Ng8
27. Be2 Bf6 28. Nf3 Ne7 29. Raa2 Ra8 30. b5 axb5 31. axb5 Rxa2 32. Rxa2 Ra8
33. b6 Rb8 34. Ra7 Nc8 35. Ra5 Ne7 36. Qa3 Ng8 37. Ng1 Nh6 38. Bf3 Be7 39.
Ne2 Ng4 40. Qd3 Kg8 41. Ra7 Qf7 42. Qa3 Kh7 43. Ra5 Qe8 44. Qd3 Qf7 45. Ra2
Rf8 46. Nc1 e5 47. fxe5 g5 48. Bxg4 fxg4 49. Rf2 Qxf2+ 50. Bxf2 Rxf2+ 51.
Kg1 Rf3 52. Ne2 Kh6 53. Qa3 Nf2 54. hxg5+ Bxg5 55. Nf4 Bxf4 56. gxf4 Nh3+
57. Kh1 Rf1+ 58. Kh2 Rf2+ 59. Kg3 Kh5 60. e4 Re2 61. exd5 Nf2 62. Kg2 Nd3+
63. Kf1 Re1+ 64. Kg2 Re2+ 1/2-1/2

[Event "10th EICC"]
[Site "Budva MNE"]
[Date "2009.03.07"]
[Round "2"]
[White "Fressinet,L"]
[Black "Todorovic,GM"]
[Result "1-0"]
[WhiteElo "2666"]
[BlackElo "2471"]
[EventDate "2009.03.06"]

1. d4 d5 2. Nf3 e6 3. c4 c5 4. cxd5 exd5 5. g3 Nf6 6. Bg2 Be7 7. O-O O-O 8.
Nc3 Nc6 9. Bg5 cxd4 10. Nxd4 h6 11. Bf4 Re8 12. Rc1 Bg4 13. h3 Bh5 14. Qa4
Bc5 15. Nxc6 bxc6 16. g4 Bg6 17. Qxc6 Rc8 18. Qb7 d4 19. Na4 Be4 20. Bxe4
Nxe4 21. b4 Bf8 22. Rxc8 Qxc8 23. Qxc8 Rxc8 24. a3 Rc2 25. Rd1 Rxe2 26.
Rxd4 Nxf2 27. Kf1 Re4 28. Rxe4 Nxe4 29. Ke2 Nd6 30. Kd3 Nb5 31. Bc1 Bd6 32.
Kc4 Nc7 33. Nc3 a6 34. b5 axb5+ 35. Nxb5 Nxb5 36. Kxb5 g5 37. a4 Bc7 38.
Bd2 Kh7 39. Kc6 Bd8 40. Kd5 h5 41. Ke4 1-0

[Event "10th EICC"]
[Site "Budva MNE"]
[Date "2009.03.07"]
[Round "2"]
[White "Guseinov,G"]
[Black "Savanovic,A"]
[Result "1-0"]
[WhiteElo "2661"]
[BlackElo "2428"]
[EventDate "2009.03.06"]

1. e4 e5 2. Nf3 Nc6 3. Bb5 a6 4. Bxc6 dxc6 5. O-O f6 6. d4 exd4 7. Nxd4 c5
8. Ne2 Qxd1 9. Rxd1 Bd7 10. Nbc3 O-O-O 11. Be3 Re8 12. Rd2 Bc6 13. Rad1 b6
14. a4 Ne7 15. a5 Kb7 16. axb6 cxb6 17. Bf4 Ng6 18. Bg3 Ne5 19. b3 c4 20.
Nd5 cxb3 21. cxb3 Bc5 22. b4 Bxd5 23. bxc5 Bxe4 24. cxb6 Kxb6 25. f3 Bd3
26. Bf2+ Kb7 27. Nd4 Bb5 28. f4 Nc4 29. Nxb5 axb5 30. Rd5 Ne3 31. Rxb5+ Kc6
32. Rdb1 Re7 33. Rb6+ Kd5 34. R6b5+ Kc6 35. R5b3 Ng4 36. Rb6+ Kd5 37. Rd1+
Kc4 38. Rc1+ Kd5 39. Rc5+ Ke4 40. Rb4+ Kd3 41. Rd4+ Ke2 42. Rc2+ 1-0

[Event "10th EICC"]
[Site "Budva MNE"]
[Date "2009.03.07"]
[Round "2"]
[White "Doric,D"]
[Black "Bocharov,D"]
[Result "0-1"]
[WhiteElo "2477"]
[BlackElo "2647"]
[EventDate "2009.03.06"]

1. d4 Nf6 2. c4 e6 3. Nf3 d5 4. e3 c5 5. Nc3 a6 6. dxc5 Bxc5 7. a3 O-O 8.
b4 Ba7 9. Bb2 Nc6 10. Be2 Qe7 11. O-O Rd8 12. Qb1 d4 13. exd4 Nxd4 14. Nxd4
Bxd4 15. Bf3 e5 16. Nd5 Nxd5 17. Bxd5 Bf5 18. Qa2 Rd7 19. Rad1 Qf6 20. Bxd4
exd4 21. Qa1 d3 22. Qxf6 gxf6 23. g4 Bxg4 24. Rxd3 Kf8 25. Re3 Rc8 26. h3
Bh5 27. Rc1 Rxd5 0-1

[Event "10th EICC"]
[Site "Budva MNE"]
[Date "2009.03.07"]
[Round "2"]
[White "Beliavsky,A"]
[Black "Lubczynski,R"]
[Result "0-1"]
[WhiteElo "2646"]
[BlackElo "2423"]
[EventDate "2009.03.06"]

1. d4 Nf6 2. c4 e6 3. g3 d5 4. Bg2 c6 5. Nd2 Be7 6. Ngf3 O-O 7. O-O b6 8.
Qc2 Bb7 9. Rd1 Nbd7 10. e4 Rc8 11. e5 Ne8 12. Nf1 dxc4 13. h4 h6 14. Qxc4
Nc7 15. N1h2 Nd5 16. Bd2 Qc7 17. Re1 Rfd8 18. Rac1 Qb8 19. b4 Kf8 20. Rb1
c5 21. dxc5 bxc5 22. b5 Nb4 23. a3 Nb6 24. Qg4 Nd3 25. Re2 c4 26. Qh5 Ke8
27. Bxh6 gxh6 28. Ng4 c3 29. Nxh6 c2 30. Qxf7+ Kd7 31. Rxc2 Rxc2 32. Rd1
Rc1 33. Rxc1 Nxc1 34. Bh3 Bd5 35. Nf5 Nc8 36. Ne3 Rf8 37. Qg6 Rxf3 0-1

[Event "10th EICC"]
[Site "Budva MNE"]
[Date "2009.03.07"]
[Round "2"]
[White "Khenkin,I"]
[Black "Arsovic,G"]
[Result "1-0"]
[WhiteElo "2644"]
[BlackElo "2426"]
[EventDate "2009.03.06"]

1. d4 Nf6 2. c4 g6 3. Nc3 Bg7 4. e4 d6 5. Bg5 O-O 6. Qd2 c5 7. d5 b5 8.
cxb5 a6 9. Bd3 Qa5 10. bxa6 Bxa6 11. Bxa6 Qxa6 12. Nge2 Nbd7 13. O-O Rfb8
14. Rab1 Rb4 15. f3 Rab8 16. b3 Ne5 17. Kh1 R8b7 18. Rfd1 h5 19. h3 Kh7 20.
Qe3 c4 21. Nd4 cxb3 22. axb3 Qa7 23. Ra1 Qc5 24. Rac1 Qa7 25. Ra1 Qc5 26.
Na2 R4b6 27. Rdc1 Qa3 28. Nc3 Qb4 29. Ra4 Qc5 30. Nce2 Nxd5 31. exd5 Qxd5
32. Nf4 1-0

[Event "10th EICC"]
[Site "Budva MNE"]
[Date "2009.03.07"]
[Round "2"]
[White "Kreisl,R"]
[Black "Belov,Vl"]
[Result "0-1"]
[WhiteElo "2394"]
[BlackElo "2627"]
[EventDate "2009.03.06"]

1. e4 c5 2. Nf3 d6 3. d4 cxd4 4. Nxd4 Nf6 5. Nc3 a6 6. Be2 Nbd7 7. f4 g6 8.
Nf3 Qc7 9. Qd4 e5 10. Qc4 Nc5 11. fxe5 dxe5 12. Bg5 Be6 13. Nd5 Bxd5 14.
exd5 Nfe4 15. a4 Nd6 16. Qc3 Bg7 17. Be3 Rc8 18. Nd2 O-O 19. Bxc5 Qxc5 20.
Qxc5 Rxc5 21. c4 e4 22. Rb1 Rc7 23. b3 a5 24. Rc1 b6 25. Nb1 f5 26. Nc3 Bd4
27. Nb5 Nxb5 28. axb5 Kg7 29. Rd1 Bc5 30. Kd2 Kf6 31. Rhf1 Ke5 32. Kc2 Rd8
33. g3 Bd4 34. Kb1 a4 35. bxa4 Ra7 36. Rd2 Rxa4 37. Ra2 Rda8 38. Rxa4 Rxa4
39. Rc1 g5 40. Kc2 Ra2+ 41. Kd1 f4 42. gxf4+ gxf4 0-1

[Event "10th EICC"]
[Site "Budva MNE"]
[Date "2009.03.07"]
[Round "2"]
[White "Petrosian,TL"]
[Black "Yilmaz,M"]
[Result "1/2-1/2"]
[WhiteElo "2623"]
[BlackElo "2400"]
[EventDate "2009.03.06"]

1. e4 c5 2. Nf3 d6 3. d4 cxd4 4. Nxd4 Nf6 5. Nc3 a6 6. Be3 e5 7. Nf3 Qc7 8.
a4 Be7 9. a5 O-O 10. Be2 Nc6 11. Bb6 Qd7 12. Nd2 d5 13. Nxd5 Nxd5 14. exd5
Qxd5 15. O-O Bf5 16. c3 Qe6 17. Nc4 Qg6 18. Ne3 Be6 19. Bc4 Bd8 20. Qb3
Bxc4 21. Nxc4 Qe6 22. Bc5 Be7 23. Bxe7 Qxe7 24. Rfd1 Rad8 25. Ne3 Rxd1+ 26.
Rxd1 Kh8 27. Nf5 Qc7 28. h3 g6 29. Ne3 Nxa5 30. Qb4 Kg7 31. Nd5 Qd8 32. Rd3
b5 33. b3 Re8 34. Kf1 Nc6 35. Qc5 Qc8 36. Rf3 Nb8 37. Qe3 Qd8 38. Qc5 Re6
39. Rd3 Rd6 40. Ke2 Nc6 41. Nb4 Rxd3 42. Nxd3 Qf6 43. Qd5 Na5 44. Nc5 Qf5
45. Qd3 Qc8 46. Qd5 Qf5 47. Qd3 Qc8 48. Qd5 Qf5 49. Nd3 f6 50. g4 Qc8 51.
Nc5 Qc6 52. Qxc6 Nxc6 53. Nxa6 Na5 54. Nc5 Kf7 55. Kd3 Ke7 56. Kc2 f5 57.
gxf5 gxf5 58. Na6 Kd6 59. Nb4 e4 60. Na2 Ke5 61. Nc1 f4 62. Kd2 Kd5 63. Ke2
Nc6 64. f3 Ne5 65. c4+ bxc4 66. bxc4+ Nxc4 67. fxe4+ Kxe4 68. Nb3 Ne5 69.
Nc5+ Kd5 70. Nb3 Ke4 71. Nc5+ Kf5 72. Kf2 Nf7 73. Kg2 Ng5 74. Nd7 h6 75.
Nb6 Ke4 76. h4 Nf3 77. h5 Nd2 78. Kf2 Kf5 79. Nd5 Ne4+ 80. Kf3 Ng5+ 81. Kf2
Ne6 82. Kf3 Nd4+ 83. Kf2 Kg5 84. Kg2 Kg4 85. Nf6+ Kf5 86. Nd5 Kg4 87. Nf6+
Kf5 88. Nd5 Nc6 89. Kf3 Ne5+ 90. Kf2 Kg4 91. Nf6+ Kg5 92. Nd5 f3 93. Kg3
Kf5 94. Nc3 Kg5 95. Ne4+ Kxh5 96. Nd2 f2 97. Kxf2 Kg4 98. Kg2 h5 99. Nf1 h4
100. Ne3+ Kg5 101. Kh3 Nd3 102. Ng2 Nf2+ 103. Kh2 h3 104. Kg3 Kh6 105. Kh2
hxg2 106. Kg1 Nh3+ 107. Kxg2 1/2-1/2

[Event "10th EICC"]
[Site "Budva MNE"]
[Date "2009.03.07"]
[Round "2"]
[White "Pashikian,A"]
[Black "Golubovic,B"]
[Result "1-0"]
[WhiteElo "2621"]
[BlackElo "2403"]
[EventDate "2009.03.06"]

1. d4 d5 2. c4 c6 3. Nc3 Nf6 4. Nf3 Qb6 5. e3 Bg4 6. h3 Bxf3 7. Qxf3 e6 8.
Bd3 Nbd7 9. O-O Be7 10. Qe2 O-O 11. Bd2 Rfe8 12. c5 Qc7 13. f4 b6 14. b4
bxc5 15. bxc5 Rab8 16. Rfb1 Rxb1+ 17. Rxb1 Rb8 18. Rb3 Bd8 19. Be1 g6 20.
g4 Ne8 21. Na4 f5 22. g5 Rxb3 23. axb3 a5 24. Qa2 Qb8 25. h4 Bc7 26. Be2
Ng7 27. Nb2 Kf7 28. Qa4 Qb7 29. Nd3 Ke7 30. Nc1 e5 31. fxe5 Ne6 32. Bxa5
Bxa5 33. Qxa5 f4 34. Bg4 fxe3 35. Bxe6 Kxe6 36. Qc3 Qa6 37. Qxe3 Qa1 38.
Kf2 Ke7 39. Qf4 Qc3 40. e6 Qc2+ 41. Ne2 1-0

[Event "10th EICC"]
[Site "Budva MNE"]
[Date "2009.03.07"]
[Round "2"]
[White "Mchedlishvili,M"]
[Black "Atakisi,U"]
[Result "1-0"]
[WhiteElo "2619"]
[BlackElo "2393"]
[EventDate "2009.03.06"]

1. Nf3 c5 2. c4 Nc6 3. Nc3 e5 4. d3 g6 5. Bg5 f6 6. Bd2 Bg7 7. a3 a5 8. g3
Nge7 9. Bg2 d6 10. O-O O-O 11. Ne1 Be6 12. Nc2 d5 13. cxd5 Nxd5 14. Ne3
Nde7 15. Rb1 Rb8 16. Na4 b6 17. b4 axb4 18. axb4 Nxb4 19. Bxb4 cxb4 20.
Rxb4 Bh6 21. Ng4 Bg7 22. Qb1 Nf5 23. h3 Nd4 24. e3 Ne2+ 25. Kh1 f5 26. Nh2
f4 27. Re1 fxg3 28. Rxe2 gxh2 29. Rxb6 Rxb6 30. Qxb6 Qxb6 31. Nxb6 Bf5 32.
Rd2 Rd8 33. Nd5 Kf7 34. Kxh2 Bf8 35. Be4 Be6 36. Nb6 Rb8 37. Nc4 Bg7 38.
Ra2 Rd8 39. Ra5 Bxc4 40. Ra7+ Ke6 41. dxc4 Rd7 42. Ra6+ Ke7 43. c5 Rc7 44.
c6 Bf6 45. Kg3 Ke6 46. Kf3 Be7 47. Ke2 Bc5 48. Ra8 Ra7 49. Rh8 Bb6 50. Rb8
Bc7 51. Re8+ Kd6 52. Kf3 Bb6 53. Rb8 Rf7+ 54. Ke2 Bc7 55. Rb2 Bd8 56. Rd2+
Kc7 57. Kd3 Bh4 58. f3 Be1 59. Ra2 Kd6 60. Kc4 Bh4 61. Rd2+ Kc7 62. Kd5 Bg5
63. Rd3 Re7 64. Rb3 Bf6 65. Rb7+ Kd8 66. Kd6 1-0

[Event "10th EICC"]
[Site "Budva MNE"]
[Date "2009.03.07"]
[Round "2"]
[White "Cvetkovic,Sr"]
[Black "Sakaev,K"]
[Result "1/2-1/2"]
[WhiteElo "2407"]
[BlackElo "2619"]
[EventDate "2009.03.06"]

1. c4 e5 2. Nc3 d6 3. d4 exd4 4. Qxd4 Nc6 5. Qd2 Nf6 6. g3 Be6 7. e4 a5 8.
b3 a4 9. Rb1 axb3 10. axb3 Nxe4 11. Nxe4 d5 12. cxd5 Bb4 13. dxe6 Bxd2+ 14.
Nxd2 fxe6 15. Ngf3 O-O 16. Bc4 Nd4 17. Nxd4 Qxd4 18. O-O Ra2 19. b4 Rxd2
20. Bxe6+ Kh8 21. Bxd2 Qxd2 22. b5 g5 23. Bh3 c5 24. bxc6 bxc6 25. Rb7 c5
26. Rc7 Qd6 27. Rc8 Rxc8 28. Bxc8 c4 29. Bf5 c3 30. g4 Qd2 31. h3 Kg7 32.
Rb1 Qd5 33. Re1 h5 34. Re3 Qc5 35. gxh5 c2 36. Bxc2 Qxc2 37. Rg3 Kh6 38.
Re3 Kxh5 39. Rg3 Kh4 40. Re3 Qc7 41. Kg2 Qc6+ 42. Kg1 Qd6 43. Kg2 Qd5+
1/2-1/2

[Event "10th EICC"]
[Site "Budva MNE"]
[Date "2009.03.07"]
[Round "2"]
[White "Macieja,B"]
[Black "Tomic,Bos"]
[Result "1-0"]
[WhiteElo "2607"]
[BlackElo "2384"]
[EventDate "2009.03.06"]

1. e4 c5 2. Nf3 a6 3. c4 e6 4. Nc3 d6 5. d4 cxd4 6. Nxd4 Nf6 7. Be2 Qc7 8.
O-O b6 9. Be3 Bb7 10. f3 Nbd7 11. a4 Be7 12. a5 O-O 13. axb6 Nxb6 14. Qb3
Nbd7 15. Rfc1 Kh8 16. Qa2 Rg8 17. b4 Qb8 18. Na4 Ne5 19. Nb6 Bxe4 20. Nxa8
Bxa8 21. Qxa6 g5 22. Qa7 Qf8 23. Qc7 Nfd7 24. Ra3 g4 25. f4 Nf3+ 26. Nxf3
gxf3 27. Bxf3 Bxf3 28. Bd4+ Ne5 29. Rxf3 Qg7 30. Bxe5 1-0

[Event "10th EICC"]
[Site "Budva MNE"]
[Date "2009.03.07"]
[Round "2"]
[White "Parligras,M"]
[Black "Todorovic,GN"]
[Result "1-0"]
[WhiteElo "2605"]
[BlackElo "2389"]
[EventDate "2009.03.06"]

1. e4 e5 2. Nf3 Nc6 3. Bb5 Nf6 4. O-O Nxe4 5. d4 Be7 6. Qe2 Nd6 7. Bxc6
bxc6 8. dxe5 Nb7 9. Nd4 O-O 10. Nd2 Nc5 11. N2f3 Ne6 12. Re1 Bc5 13. Nb3
Bb6 14. Be3 d5 15. exd6 cxd6 16. Qc4 Qc7 17. Rad1 Re8 18. Qd3 d5 19. Ng5 g6
20. Qc3 Bb7 21. Nc5 Nxc5 22. Bxc5 Qf4 23. Nf3 Re4 24. g3 Qg4 25. Bxb6 axb6
26. Ne5 Rxe1+ 27. Rxe1 Qc8 28. Qb3 c5 29. Qxb6 Ra6 30. Qb3 Re6 31. Nf3
Rxe1+ 32. Nxe1 d4 33. Qb6 Ba8 34. b4 Qe8 35. Kf1 cxb4 36. Qxb4 Qe4 37. f3
Qd5 38. a4 Bc6 39. a5 h5 40. Kf2 h4 41. a6 hxg3+ 42. hxg3 Qe5 43. Qd2 Qc5
44. Kg2 Bb5 45. Nd3 Qa7 46. Nb4 Qc5 47. g4 Kf8 48. Nd3 Qe7 49. a7 Bc6 50.
Qb4 f6 51. Qxe7+ Kxe7 52. Nf4 Kd6 53. Nxg6 Kc5 54. Ne7 Ba8 55. Ng8 Kc4 56.
Nxf6 Kc3 57. g5 Kxc2 58. g6 d3 59. Ng4 1-0

[Event "10th EICC"]
[Site "Budva MNE"]
[Date "2009.03.07"]
[Round "2"]
[White "Svetushkin,D"]
[Black "Leniart,A"]
[Result "0-1"]
[WhiteElo "2593"]
[BlackElo "2360"]
[EventDate "2009.03.06"]

1. d4 Nf6 2. c4 e6 3. Nf3 d5 4. Nc3 Nbd7 5. cxd5 exd5 6. Bf4 c6 7. h3 Be7
8. e3 Nf8 9. Bd3 Ne6 10. Be5 O-O 11. Qc2 g6 12. O-O-O Nd7 13. h4 Nxe5 14.
Nxe5 f6 15. Nf3 Rf7 16. g4 Qf8 17. Rh2 b5 18. Rg2 b4 19. Na4 c5 20. Nxc5
Bxc5 21. dxc5 Nxc5 22. Nd4 a5 23. Kb1 a4 24. Qd2 a3 25. b3 Ba6 26. Bc2 Ne4
27. Bxe4 dxe4 28. g5 Bd3+ 29. Ka1 fxg5 30. h5 Rc7 31. Rxg5 Rac8 32. hxg6 h6
33. g7 Qxf2 0-1

[Event "10th EICC"]
[Site "Budva MNE"]
[Date "2009.03.07"]
[Round "2"]
[White "Zhigalko,S"]
[Black "Masic,P"]
[Result "1-0"]
[WhiteElo "2587"]
[BlackElo "2371"]
[EventDate "2009.03.06"]

1. e4 e6 2. d4 d5 3. e5 c5 4. c3 Nc6 5. Nf3 Qb6 6. a3 Bd7 7. b4 cxd4 8.
cxd4 Rc8 9. Bb2 Nh6 10. Nc3 a5 11. b5 Na7 12. Na4 Qd8 13. b6 Bxa4 14. Qxa4+
Nc6 15. Qb5 Be7 16. Bd3 O-O 17. O-O Qd7 18. Rac1 a4 19. Rc3 Ra8 20. Bc1 f5
21. exf6 Bxf6 22. Qb1 Nf5 23. g4 Nfxd4 24. Bxh7+ Kh8 25. Nxd4 Bxd4 26. Rh3
Ne5 27. Kh1 Rac8 28. Bd2 Rf3 29. Rh5 Rxa3 30. Qb4 Ra1 31. Rxa1 Bxa1 32. Qa3
Bd4 33. Qh3 Nf7 34. g5 Re8 35. Bg6+ Kg8 36. Rh8+ 1-0

[Event "10th EICC"]
[Site "Budva MNE"]
[Date "2009.03.07"]
[Round "2"]
[White "Erdos,V"]
[Black "Sekulic,D"]
[Result "1-0"]
[WhiteElo "2582"]
[BlackElo "2316"]
[EventDate "2009.03.06"]

1. d4 Nf6 2. c4 e6 3. Nf3 d5 4. Bg5 Be7 5. Nc3 O-O 6. Qc2 c5 7. dxc5 dxc4
8. e4 Nc6 9. Rd1 Qa5 10. Bxc4 Qxc5 11. Qe2 h6 12. Bf4 e5 13. Be3 Qa5 14.
O-O Bg4 15. h3 Bxf3 16. Qxf3 Qb4 17. Qe2 Na5 18. Bd5 Nc6 19. a3 Qa5 20. Rd3
Qc7 21. Qd2 Kh7 22. Rc1 Rfd8 23. b4 a6 24. Na4 Rf8 25. Qa2 Bd6 26. Qb1 Kg8
27. Rdc3 Rac8 28. Nb6 Rcd8 29. Bxc6 bxc6 30. Rxc6 Qb7 31. Qc2 Bb8 32. Qc4
Rd6 33. Rxd6 Bxd6 34. Qc6 Qxc6 35. Rxc6 Rd8 36. Nc4 Bf8 37. f3 Rd1+ 38. Kf2
Nd7 39. Rxa6 f6 40. Ra7 Kf7 41. Ke2 1-0

[Event "10th EICC"]
[Site "Budva MNE"]
[Date "2009.03.07"]
[Round "2"]
[White "Khairullin,I"]
[Black "Porat,I"]
[Result "1-0"]
[WhiteElo "2574"]
[BlackElo "2353"]
[EventDate "2009.03.06"]

1. e4 c5 2. Nf3 d6 3. d4 cxd4 4. Qxd4 a6 5. Bc4 Nc6 6. Qd3 g6 7. Nc3 Bg7 8.
Bg5 Nf6 9. Bb3 O-O 10. O-O-O Bg4 11. h3 Bxf3 12. Qxf3 Qa5 13. h4 Rac8 14.
Bxf6 Bxf6 15. Nd5 Bg7 16. h5 e6 17. hxg6 exd5 18. Rxd5 Qc7 19. Rxh7 Nd4 20.
Rxd4 Bxd4 21. Qh5 Bxb2+ 22. Kb1 d5 23. Rh8+ Kg7 24. Qh6+ Kf6 25. g7+ 1-0

[Event "10th EICC"]
[Site "Budva MNE"]
[Date "2009.03.07"]
[Round "2"]
[White "Chadaev,N"]
[Black "Kruljac,P"]
[Result "1-0"]
[WhiteElo "2568"]
[BlackElo "2052"]
[EventDate "2009.03.06"]

1. c4 e5 2. Nc3 Nf6 3. Nf3 Nc6 4. e3 d5 5. cxd5 Nxd5 6. Qc2 Ndb4 7. Qb1 Bg4
8. Bc4 Bxf3 9. gxf3 Na5 10. Be2 Be7 11. a3 Nd5 12. b4 Nc6 13. Bb2 Bf6 14.
Qe4 Nxc3 15. Bxc3 O-O 16. Rc1 a6 17. h4 Qd7 18. Bd3 g6 19. h5 Rad8 20. Bc4
b5 21. hxg6 hxg6 22. Qxg6+ 1-0

[Event "10th EICC"]
[Site "Budva MNE"]
[Date "2009.03.07"]
[Round "2"]
[White "Anicic,V"]
[Black "Godena,M"]
[Result "0-1"]
[WhiteElo "2212"]
[BlackElo "2537"]
[EventDate "2009.03.06"]

1. e4 e5 2. Nf3 Nc6 3. Bc4 Bc5 4. c3 Nf6 5. d4 exd4 6. cxd4 Bb4+ 7. Nc3
Nxe4 8. O-O Bxc3 9. d5 Ne5 10. bxc3 Nxc4 11. Qd4 O-O 12. Qxc4 Nd6 13. Qf4
b6 14. Ba3 Bb7 15. c4 Re8 16. Rfe1 Qf6 17. Qxf6 gxf6 18. Bxd6 cxd6 19. Nd4
Ba6 20. Rxe8+ Rxe8 21. Nf5 Re2 22. Nxd6 Kf8 23. Rc1 Ke7 24. Kf1 Re5 25. f4
Rxd5 26. Nc8+ Kd8 27. Nxa7 Rc5 28. Rb1 Bxc4+ 29. Kf2 Ra5 30. Rxb6 Rxa7 31.
Rxf6 Rxa2+ 0-1

[Event "10th EICC"]
[Site "Budva MNE"]
[Date "2009.03.07"]
[Round "2"]
[White "Fugulyan,G"]
[Black "Wells,P"]
[Result "0-1"]
[WhiteElo "1978"]
[BlackElo "2513"]
[EventDate "2009.03.06"]

1. d4 Nf6 2. c4 e6 3. Nc3 Bb4 4. Qc2 O-O 5. a3 Bxc3+ 6. Qxc3 Ne4 7. Qc2 f5
8. g3 b6 9. Bg2 Bb7 10. Nf3 Nf6 11. O-O Be4 12. Qc3 a5 13. Bg5 Nc6 14. Rad1
Ne7 15. Bxf6 Rxf6 16. Ne5 Bxg2 17. Kxg2 d6 18. Nd3 Qe8 19. Nf4 Rc8 20. Rd3
g5 21. d5 e5 22. Ne6 Qh5 23. Qd2 f4 24. h4 gxh4 25. Rh1 Rg6 26. Kf1 fxg3
27. Rxg3 Rxg3 28. fxg3 Nf5 29. Kg1 Nxg3 30. Rh2 Kh8 31. Qg5 Nxe2+ 32. Kf2
Rf8+ 33. Ke1 Qxg5 34. Nxg5 Nf4 35. Kd2 Rg8 36. Ne4 h3 37. Ke3 Rg2 38. Rxg2
hxg2 39. Kf2 h5 0-1

[Event "10th EICC"]
[Site "Budva MNE"]
[Date "2009.03.07"]
[Round "2"]
[White "Szabo,G ROM"]
[Black "Malureanu,C"]
[Result "1-0"]
[WhiteElo "2506"]
[BlackElo "2013"]
[EventDate "2009.03.06"]

1. e4 d6 2. d4 Nf6 3. Nc3 g6 4. Nf3 Bg7 5. Be2 O-O 6. O-O c5 7. dxc5 dxc5
8. Be3 b6 9. Qc1 Bb7 10. Rd1 Qc8 11. Nd5 Nc6 12. Ne5 Re8 13. Nxf6+ exf6 14.
Nc4 Rd8 15. Nd6 Qc7 16. Nxb7 Qxb7 17. c3 Qe7 18. Qc2 Bf8 19. Qa4 Na5 20.
Bf3 Rac8 21. Rd5 Rxd5 22. exd5 c4 23. Rd1 Qd8 24. g3 Bd6 25. Bd4 Be5 26.
Bxe5 fxe5 27. d6 Rc5 28. d7 a6 29. Bg2 Rc7 30. b4 cxb3 31. axb3 Rxc3 32. b4
Nb3 33. Qxa6 Nd4 34. Qa8 Ne6 35. Qd5 Rc7 36. Bh3 Ng5 37. Bf1 Ne6 38. Bb5
Nd4 39. Ra1 1-0

[Event "10th EICC"]
[Site "Budva MNE"]
[Date "2009.03.07"]
[Round "2"]
[White "Djukic,Ni"]
[Black "Pavlidis,Ant"]
[Result "1-0"]
[WhiteElo "2500"]
[BlackElo "2278"]
[EventDate "2009.03.06"]

1. e4 c5 2. Nf3 e6 3. Nc3 a6 4. d4 cxd4 5. Nxd4 Qc7 6. Bd3 Nc6 7. Nxc6 bxc6
8. O-O d5 9. Qe2 Nf6 10. Bg5 Be7 11. e5 Ne4 12. Bxe7 Nxc3 13. Qg4 Qxe5 14.
Rae1 Ne4 15. Ba3 f5 16. Qh5+ g6 17. Qh4 c5 18. Bxc5 Qc7 19. Bd4 O-O 20. f3
Nd6 21. Qf4 Nb5 22. Be5 Qf7 23. c4 dxc4 24. Bxc4 Na7 25. Bc3 Nc6 26. Qd6
Nd8 27. Qe5 1-0

[Event "10th EICC"]
[Site "Budva MNE"]
[Date "2009.03.07"]
[Round "2"]
[White "Scekic,V"]
[Black "Stanojoski,Z"]
[Result "0-1"]
[WhiteElo "2084"]
[BlackElo "2493"]
[EventDate "2009.03.06"]

1. c4 e5 2. Nc3 Nf6 3. g3 d5 4. cxd5 Nxd5 5. Bg2 Nxc3 6. bxc3 Be7 7. Nf3
Nc6 8. O-O O-O 9. d3 Rb8 10. Qc2 Kh8 11. Nd2 Na5 12. Nb3 c6 13. Nxa5 Qxa5
14. Bb2 Be6 15. c4 f6 16. Bc3 Qc7 17. Rfc1 Bc5 18. Rab1 Qd6 19. a4 b6 20.
a5 b5 21. Rd1 Rfc8 22. Ba1 Qd8 23. Qa2 a6 24. Rdc1 Qc7 25. Bc3 Be7 26. Bd2
b4 27. Qa4 c5 28. Rb3 Bd7 29. Qa2 f5 30. Bd5 f4 31. e3 Bd6 32. d4 fxe3 33.
fxe3 Rf8 34. dxe5 Bxe5 35. Bg2 Bc6 36. e4 Rbe8 37. Be3 Bb7 38. Rd3 Bc3 39.
Bf4 Qc8 40. Qc2 Bd4+ 41. Be3 Bxe4 42. Bxe4 Rxe4 43. Bxd4 cxd4 44. Rf3 Rfe8
45. Rcf1 Re3 46. Rf4 d3 47. Qf2 h6 48. Rf8+ Rxf8 49. Qxf8+ Qxf8 50. Rxf8+
Kh7 51. Rd8 b3 52. Kf2 b2 53. Rb8 d2 0-1

[Event "10th EICC"]
[Site "Budva MNE"]
[Date "2009.03.07"]
[Round "2"]
[White "Areshchenko,A"]
[Black "Vojinovic,J"]
[Result "1-0"]
[WhiteElo "2673"]
[BlackElo "2331"]
[EventDate "2009.03.06"]

1. e4 e6 2. d3 d5 3. Nd2 Nf6 4. Ngf3 b6 5. c3 c5 6. Qa4+ Bd7 7. Qc2 Qc7 8.
Be2 Bd6 9. O-O O-O 10. Re1 Nc6 11. Bf1 Rac8 12. g3 b5 13. Bg2 d4 14. c4 a6
15. a3 e5 1-0

[Event "10th EICC"]
[Site "Budva MNE"]
[Date "2009.03.07"]
[Round "2"]
[White "Vujic,M"]
[Black "Grachev,B"]
[Result "0-1"]
[WhiteElo "2322"]
[BlackElo "2655"]
[EventDate "2009.03.06"]

1. e4 c5 2. c3 d6 3. Nf3 Nf6 4. Be2 g6 5. O-O Bg7 6. Bb5+ Nbd7 7. Re1 a6 8.
Bf1 Ne5 9. d4 Nxf3+ 10. gxf3 Nd7 11. f4 O-O 12. e5 cxd4 13. cxd4 Nb6 14.
Nc3 Bf5 15. d5 Nd7 16. Bg2 dxe5 17. d6 Nc5 18. fxe5 exd6 19. exd6 Nd3 20.
Re3 Nxc1 21. Rxc1 Bh6 22. Qd4 Bxe3 23. fxe3 f6 24. Bd5+ Kg7 25. e4 Bd7 26.
Rf1 Qe8 27. Bxb7 Rb8 28. Nd5 Qe5 29. Qxe5 fxe5 30. Rxf8 Kxf8 31. Bxa6 Rxb2
32. Nf6 Bh3 33. Bc4 Rg2+ 34. Kh1 Rc2 35. Nxh7+ Kg7 36. Kg1 Rxc4 37. Ng5 Bd7
38. Kf2 Rc2+ 39. Ke3 Rxa2 40. h4 Ra3+ 0-1

[Event "10th EICC"]
[Site "Budva MNE"]
[Date "2009.03.07"]
[Round "2"]
[White "Aleksandrov,A"]
[Black "Vulevic,V"]
[Result "1-0"]
[WhiteElo "2636"]
[BlackElo "2325"]
[EventDate "2009.03.06"]

1. d4 Nf6 2. c4 g6 3. Nc3 Bg7 4. e4 d6 5. Be2 O-O 6. Bg5 Na6 7. h4 h6 8.
Be3 e5 9. g4 exd4 10. Bxd4 Re8 11. g5 Nh7 12. Bxg7 Kxg7 13. Qd4+ Kg8 14.
gxh6 Qf6 15. Qe3 c6 16. O-O-O Nc5 17. f4 a5 18. Nf3 Bf5 19. Ng5 Bd7 20. Kc2
Rad8 1-0

[Event "10th EICC"]
[Site "Budva MNE"]
[Date "2009.03.07"]
[Round "2"]
[White "Simeonidis,I"]
[Black "Ivanisevic,I"]
[Result "0-1"]
[WhiteElo "2303"]
[BlackElo "2628"]
[EventDate "2009.03.06"]

1. Nf3 c5 2. c4 g6 3. d4 Bg7 4. d5 Nf6 5. Nc3 O-O 6. e4 e6 7. Be2 d6 8. O-O
Re8 9. Nd2 Na6 10. Kh1 Rb8 11. f4 exd5 12. cxd5 Nc7 13. a4 a6 14. a5 Bd7
15. Bf3 Bb5 16. Re1 Nd7 17. Nf1 b6 18. Ng3 bxa5 19. e5 dxe5 20. f5 Bc4 21.
d6 Nb5 22. Nce4 Nd4 23. Bg5 f6 24. Bc1 Bb3 25. Qd3 gxf5 0-1

[Event "10th EICC"]
[Site "Budva MNE"]
[Date "2009.03.07"]
[Round "2"]
[White "Misailovic,N"]
[Black "Wojtaszek,R"]
[Result "0-1"]
[WhiteElo "2293"]
[BlackElo "2608"]
[EventDate "2009.03.06"]

1. e4 c5 2. Nf3 d6 3. d4 cxd4 4. Nxd4 Nf6 5. Nc3 a6 6. Be2 e6 7. O-O b5 8.
f4 b4 9. Na4 Nxe4 10. f5 e5 11. Bf3 d5 12. Qe2 Be7 13. Bxe4 exd4 14. f6
gxf6 15. Bd3 h5 16. Bd2 Be6 17. Rae1 Nc6 18. b3 h4 19. Bxa6 Ne5 20. Bb5+
Kf8 21. Rf4 h3 22. g3 Rc8 23. Bd3 Rc6 24. Rxd4 Qc8 25. Rf4 Nxd3 26. Qxd3
Rxc2 27. Rf2 Kg8 28. Be3 Rxf2 29. Bxf2 Rh5 30. Bd4 Rg5 31. Qe3 Rg4 32. Rc1
Qa6 33. Rd1 Re4 34. Qf3 Bg4 35. Qd3 Qe6 36. Rd2 Rxd4 37. Qxd4 Qe1+ 0-1

[Event "10th EICC"]
[Site "Budva MNE"]
[Date "2009.03.07"]
[Round "2"]
[White "Djurovic,G"]
[Black "Berg,E"]
[Result "0-1"]
[WhiteElo "2279"]
[BlackElo "2606"]
[EventDate "2009.03.06"]

1. c4 g6 2. d4 Bg7 3. e4 d6 4. Nc3 Nf6 5. Nf3 O-O 6. Be2 e5 7. O-O Nc6 8.
d5 Ne7 9. b4 c6 10. Nd2 a5 11. bxa5 c5 12. Nb3 Nd7 13. f3 f5 14. g4 Ra6 15.
a4 fxg4 16. fxg4 Rf4 17. Bf3 g5 18. Ne2 Ng6 19. Ng3 Nh4 20. Nf5 Nxf3+ 21.
Rxf3 Rxe4 22. Ne3 Rf4 23. Ra2 Nf8 24. h3 Ng6 25. Qf1 Nh4 26. Rff2 h5 27.
gxh5 Qe8 28. Ng4 Qxh5 29. Bxf4 gxf4 30. Rg2 Kh8 31. Nd2 Bf5 32. Nf3 Nxg2
33. Rxg2 e4 34. Nd2 Bd4+ 35. Kh1 f3 36. Rg3 Ra8 37. Nxf3 exf3 38. Qxf3 Rg8
39. Nf6 Qxf3+ 40. Rxf3 Rg5 0-1